=LDR 00000nam 2200000 4500 =001 INLIS000000000027183 =005 20140903153215.0 =006 =007 =008 Ind =035 ##$$a 0010-061300000027183 =041 ##$$a Ind =082 ##$$a 2x4.3 =090 ##$$a 2x4.3, Att m =100 ##$$a At-Tihami, Muhammad =245 ##$$a Membina mahligai cinta yang islami, Muhammad At-Tihami ; penerjemah, A. Ma'ruf Asori =260 ##$$a 2006 $b Jakarta =300 ##$$a vi, 164 hlm, 21 cm =650 ##$$a Menikah (islam) =700 ##$$a Asrori, A. Ma'ruf =850 ##$$a NBPNMAT =990 ##$$a 21195570/BPAP-NTB/2014